Times alternativos do futebol brasileiro - Statistics

Estatísticas Gerais
  • Esse quiz foi jogado 1 687 vezes
  • A pontuação média é 34 de 50
Estatísticas das Respostas
Imagem Hint Resposta % Correto
Portuguesa
98%
ABC
97%
Atlético-GO
97%
Remo
97%
Paysandu
96%
Vitória
96%
CRB
95%
CSA
95%
Santa Cruz
94%
Goianésia
92%
Sampaio Corrêa
92%
Confiança
91%
Grêmio Maringá
90%
Juventus
90%
Desportiva Ferroviária
89%
Tocantinópolis
89%
XV de Piracicaba
87%
Flamengo do Piauí
85%
América-RN
84%
Madureira
84%
Bangu
83%
Botafogo-PB
82%
Ferroviário
82%
Anapolina
77%
Boa Esporte
74%
Campinense
74%
River
72%
Almirante Barroso
67%
Ipatinga
67%
CRAC
65%
Operário
64%
Portuguesa Portuguesa-RJ
61%
Tuna Luso
61%
Mogi Mirim
59%
Rio Branco
54%
Caldense
52%
Atlético-AC
49%
Gaúcho
49%
América-PE
48%
Mixto
47%
Pelotas
45%
Desportivo Brasil
44%
15 de Novembro
41%
São Raimundo
40%
Itabaiana
36%
São Francisco
31%
Coruripe
26%
Vitória-ES
24%
Inter de Lages
22%
Angra dos Reis
12%
Nenhum quiz correspondente encontrado
Distribuição das Pontuações
Porcentagem de Pessoas com Cada Pontuação
Percentil de Números Respondidos
Sua Pontuação Histórica
Você não jogou esse quiz